El sida en primera persona : (Registro nro. 26240)

Detalles MARC
000 -CABECERA
Longitud fija campo de control 01163nam a2200241 a 4500
003 - • IDENTIFICADOR DELl NÚMERO DE CONTROL
Identificador del número de control CO-ViMGA
008 - • CÓDIGOS DE INFORMACIÓN DE LONGITUD FIJA
Códigos de información de longitud fija 141112s2004 ck r 000 u spa d
020 ## - • NÚMERO INTERNACIONAL NORMALIZADO PARA LIBROS
Número Internacional Normalizado para Libros (ISBN) 9583008583
040 ## - FUENTE DE LA CATALOGACIÓN
Centro catalogador de origen CO-ViMGA
Lengua de catalogación spa
Centro transcriptor CO-ViMGA
082 04 - • NÚMERO DE LA CLASIFICACIÓN DECIMAL DEWEY
Número de clasificación (R) 616.9792 L863s
100 1# - • PUNTO DE ACCESO PRINCIPAL-NOMBRE DE PERSONA
Nombre de persona Luque Nuñez, Ricardo
245 10 - • TITULO PROPIAMENTE DICHO
Título El sida en primera persona :
Resto del título Información y claves para el logro de acuerdos preventivos
300 ## - • DESCRIPCIÓN FÍSICA
Extensión 188.p.
505 ## - • NOTA DE CONTENIDO CON FORMATO
Nota de contenido con formato Miedo e intolerancia : El sida social El VIH : La causa El SIDA : La enfermedad Formas de transmisión del VIH Historia natural de la enfermedad La prueba diagnóstica Cómo tratar la infección por VIH Prevención de la transmisión por via sexual Enfermedades de transmisión sexual (ETS)¿Es usted vulnerable al sida? Sexo , genero y orientación sexual Bioética y SIDA : Ensayos
590 ## - NOTAS LOCALES
Nota local Forma de adquisición : Premio - Mincultura
650 14 - • PUNTO DE ACCESO ADICIONAL DE MATERIA - TÉRMINO DE MATERIA
Término de materia o nombre geográfico como elemento inicial ENFERMEDADES DE TRANSMISION SEXUAl - PREVENCION Y CONTROL
650 14 - • PUNTO DE ACCESO ADICIONAL DE MATERIA - TÉRMINO DE MATERIA
Término de materia o nombre geográfico como elemento inicial SIDA
650 14 - • PUNTO DE ACCESO ADICIONAL DE MATERIA - TÉRMINO DE MATERIA
Término de materia o nombre geográfico como elemento inicial SIDA - ASPECTOS MORALES Y ETICOS
650 14 - • PUNTO DE ACCESO ADICIONAL DE MATERIA - TÉRMINO DE MATERIA
Término de materia o nombre geográfico como elemento inicial SIDA - PREVENCION Y CONTROL
942 ## - ENTRADA DE ELEMENTOS AGREGADOS (KOHA)
Fuente de clasificaión o esquema Dewey Decimal Classification
Koha [por defecto] tipo de item LIbro
Existencias
Perdido Fuente de clasificación o esquema Estado Físico No para préstamo Forma de adquisición Localización permanente Localización actual Fecha adquisición Serie de enumeración / cronolog&íacute;a Préstamos totales Signatura completa Código de barras Fecha última consulta Número de copia Fecha del precio de reemplazo Tipo de item de Koha Localización en estanterías
  Dewey Decimal Classification     Colección General Biblioteca Pública Cumaral - Alvaro Garzon Torres Biblioteca Pública Cumaral - Alvaro Garzon Torres 06/13/2024     616.9792L86s CUM00473 06/13/2024 Ej.1 06/13/2024 LIbro General
  Dewey Decimal Classification     Sala Especializada Tercer Piso Biblioteca Pública Germán Arciniegas - Villavicencio Biblioteca Pública Germán Arciniegas - Villavicencio 12/04/2015 Volumen. 1 | 11/jun/2009   616.9792 L863s 16360 12/04/2015 Ej. 1 12/04/2015 LIbro  









Instituto Departamental de Cultura del Meta - Red Departamental de Bibliotecas Públicas del Meta.